Neprestajne sa modlite 1. Tesaloničanom 5, 13b-18 : týždeň modlitieb za jednotu kresťanov : 18.-25. januára 2008 : spoločná iniciatíva Svetovej rady cirkví a Pápežskej rady na podporu jednoty kresťanov

Bibliographic Details
Other Authors: Adamovičová, Anna (Translator)
Format: Book
Language:Slovak
English
PhysicalDescription:70 s. 20 cm
Published: Trnava Spolok svätého Vojtecha - Vojtech 2007
ISBN:9788071626978 (brož.)
Edition:1. vyd.
Series:Dokumenty Svätej stolice
Subjects:

MARC

LEADER 00000nam a2200000 a 4500
001 vtls009297227
003 SK-MaSNL
005 20260301170822.0
008 251029s2007 xo d 000 0 slo
015 |a SNBA2008/11-04923 
020 |a 9788071626978 (brož.) 
035 |a 1BF702EB-837F-4E4F-8DD3-B6D96A3A701C 
035 |a urn:nbn:sk:snk-amjevu 
035 |a urn:nbn:sk:snk-am0010sm 
040 |a SNK  |b slo  |c SNK  |e AACR2 
041 1 |a slo  |h eng 
044 |a xo  |c SK 
072 7 |a 27  |x Kresťanstvo. Kresťanská cirkev všeobecne. Ekleziológia  |2 konspekt 
080 |a 27-532.2-534.3  |2 2001 
080 |a 27-534.35  |2 2001 
080 |a 27-675  |2 2001 
080 |a (094)  |2 2001 
080 |a (093.2)  |2 2001 
245 0 0 |a Neprestajne sa modlite  |b 1. Tesaloničanom 5, 13b-18 : týždeň modlitieb za jednotu kresťanov : 18.-25. januára 2008 : spoločná iniciatíva Svetovej rady cirkví a Pápežskej rady na podporu jednoty kresťanov  |c [preložila Anna Adamovičová] 
250 |a 1. vyd. 
260 |a Trnava  |b Spolok svätého Vojtecha - Vojtech  |c 2007 
300 |a 70 s.  |c 20 cm 
490 1 |a Dokumenty Svätej stolice  |v zv. 61 
650 0 7 |a modlitebné týždne  |2 SNKPH  |9 67619 
650 0 7 |a kresťanské modlitby  |2 SNKPH  |9 2006 
650 0 7 |a ekumenizmus  |2 SNKPH  |9 1932 
655 7 |a dokumenty  |2 SNKPH  |9 70482 
655 7 |a pápežské listy  |2 SNKPH  |9 70596 
700 1 |a Adamovičová, Anna  |4 trl  |9 333526 
830 0 |a Dokumenty Svätej stolice  |9 314296 
919 |a 978-80-7162-697-8 
958 |a OP 
958 |a NT 
968 |b ENG  |d 2 
999 |c 828849  |d 830779 
952 |a SNK  |b SNK  |y PREZ  |7 0  |p 17A0589521  |o snkSD 77426  |i snk2008/11198  |8 0  |0 0  |1 0  |4 0  |d 2008-05-26  |l 0  |r 2025-11-25 00:00:00  |w 2026-02-24 
952 |a SNK  |b SNK  |y VYP  |7 0  |p 17A0589520  |o snkSD 77426 D1  |i snk2008/11199  |8 0  |0 0  |1 0  |4 0  |d 2008-05-26  |f 1  |l 0  |r 2017-06-30 00:00:00  |w 2026-02-24